| 000 | 00751nam a22002173a 4500 | ||
|---|---|---|---|
| 005 | 20240413063819.0 | ||
| 008 | 011016s1991 mx r 000 0 spa d | ||
| 020 | _a9681637011 | ||
| 035 | _aUPN01000114325 | ||
| 049 | _aCG | ||
| 050 | 4 |
_aF1234 C3 _bP4.6 1991 |
|
| 100 | 1 |
_aElías Calles, Plutarco, _d1877-1945 |
|
| 245 | 1 | 0 |
_aPensamiento político y social : _bantología (1913-1936) / _cPlutarco Elías Calles. |
| 250 | _a3a ed. | ||
| 260 |
_aMéxico : _bFideicomiso Archivos Plutarco Elías Calles y Fernando Torreblanca : _bFCE, _c[1991]. |
||
| 300 | _a355 p. | ||
| 440 | 0 | _aVida y pensamiento de México | |
| 600 | 1 | 4 |
_aELIAS CALLES, PLUTARCO, _d1877-1945 |
| 651 | 4 |
_aMéxico _xPolítica y gobierno _y1910-1946 _vFuentes _912697 |
|
| 905 | _aLibro | ||
| 999 |
_c88233 _d88233 |
||